[Event "AUTO-INT-42"]
[Site "http://www.queenalice.com/game.php?id=28725"]
[Date "2005.9.15"]
[Round "1"]
[White "beto2006"]
[Black "EngEsp"]
[Result "1-0"]
[WhiteElo "1450"]
[BlackElo "1349"]

1. e4 e5 2. Qh5 Nf6 3. Qxe5+ Qe7 4. Qxc7 Qxe4+ 5. Ne2 Ng4 6. Qxc8+ Ke7 7. f3 Qf5
8. fxg4 Qxg4 9. Qxb7 Nc6 10. Qxa8 h5 11. d3 Kf6 12. Qb7 Na5 13. Qxa7 Bb4+ 14.
Bd2 Nc6 15. Qe3 Ne5 16. Bxb4 Rb8 17. Bd6 Rxb2 18. Qxe5+ Kg6 19. Qxb2 Qe6 20. Qb6
f5 21. Nc3 h4 22. O-O-O Qe3+ 23. Qxe3 f4 24. Qxf4 h3 25. Qg4+ Kf6 26. Nd5+ Kf7
27. gxh3 g6 28. Qxd7+ Kg8 29. Nf6+ Kh8 30. Qh7# 1-0

[Event "AUTO-INT-42"]
[Site "http://www.queenalice.com/game.php?id=28726"]
[Date "2005.9.15"]
[Round "1"]
[White "EngEsp"]
[Black "beto2006"]
[Result "1-0"]
[WhiteElo "1337"]
[BlackElo "1454"]

1. e4 e5 2. Nf3 Nc6 3. Bc4 h6 4. Na3 Bxa3 5. bxa3 Nf6 6. Bb2 Qe7 7. Bd5 Nxd5 8.
exd5 e4 9. Nd4 Nxd4 10. Bxd4 O-O 11. Qg4 f6 12. d6 cxd6 13. Rb1 b6 14. Rb3 f5
15. Qg6 Qf7 16. Qxd6 Re8 17. Rg3 Re6 18. Qf4 Ba6 19. Kd1 g5 20. Qc7 f4 21. h4
fxg3 22. fxg3 g4 23. c4 Rc6 24. Qe5 Qh7 25. Rf1 Bxc4 26. Rf4 Re6 27. Qc7 h5 28.
Qb7 Ree8 29. d3 Reb8 30. Qc7 Bxd3 31. Qe5 Bc4 32. Qg5+ Qg7 33. Qxg7# 1-0

[Event "AUTO-INT-43"]
[Site "http://www.queenalice.com/game.php?id=29468"]
[Date "2005.9.19"]
[Round "1"]
[White "beto2006"]
[Black "ManofBlack"]
[Result "0-1"]
[WhiteElo "1349"]
[BlackElo "1425"]

1. e4 Nf6 2. Qf3 d6 3. h3 a6 4. Nc3 e5 5. Bc4 Qe7 6. Nd5 Qd7 7. Nxf6+ gxf6 8.
Qxf6 Rg8 9. d3 Rg6 10. Qf3 Bg7 11. Be3 b5 12. Bb3 Rf6 13. Qh5 h6 14. Bd5 c6 15.
Bb3 a5 16. a4 Ba6 17. c4 Qe6 18. Rc1 Nd7 19. Rc3 Qe7 20. axb5 Bc8 21. bxc6 Nb6
22. Bxb6 a4 23. Ba2 Be6 24. Ne2 Ra6 25. Be3 Rxc6 26. O-O Rc7 27. Ra3 Qd7 28. Nc3
Rb7 29. Nxa4 Rb4 30. Nb6 Rxb6 0-1

[Event "AUTO-INT-43"]
[Site "http://www.queenalice.com/game.php?id=29469"]
[Date "2005.9.19"]
[Round "1"]
[White "ManofBlack"]
[Black "beto2006"]
[Result "1-0"]
[WhiteElo "1411"]
[BlackElo "1363"]

1. e4 e5 2. Nf3 Nc6 3. d3 h6 4. a3 Nf6 5. Nc3 Bc5 6. Qe2 Nd4 7. Nxd4 Bxd4 8. Bd2
Ng4 9. Qxg4 O-O 10. h4 d6 11. Qg3 Qf6 12. f3 Be6 13. Bg5 hxg5 14. hxg5 Qf4 15.
Qh4 Qxh4+ 16. Rxh4 g6 17. Ne2 Bxb2 18. Rb1 Bxa3 19. Rxb7 c5 20. c4 Rfb8 21. Re7
Rb1+ 22. Kf2 Bb4 23. f4 Be1+ 24. Ke3 Bxh4 25. g3 Rxf1 26. gxh4 a5 27. h5 gxh5
28. Ng3 exf4+ 29. Ke2 1-0

[Event "AUTO-INT-43"]
[Site "http://www.queenalice.com/game.php?id=29470"]
[Date "2005.9.19"]
[Round "1"]
[White "beto2006"]
[Black "Andre"]
[Result "1-0"]
[WhiteElo "1418"]
[BlackElo "1366"]

1. e4 e5 2. Qh5 Nc6 3. Bb5 g6 4. Qf3 Qf6 5. Nc3 Qxf3 6. Nxf3 a6 7. Bxc6 dxc6 8.
Nxe5 Nh6 9. O-O Bd6 10. d4 Ng4 11. Bf4 f6 12. Nxg4 Bxg4 13. e5 fxe5 14. dxe5 Bb4
15. Ne4 O-O-O 16. a3 Be2 17. axb4 Rd4 18. f3 Rxb4 19. Rf2 Rf8 20. Bd2 Rb5 21.
Rxe2 Rxe5 22. Bh6 Rd8 23. Kf2 Rh5 24. Bf4 b6 25. Rxa6 Kb7 26. Ra4 b5 27. Rb4 Kb6
28. Be3+ Ka5 29. c3 Rhd5 30. Nf6 Re5 31. Nxh7 Rh5 32. Bg5 Rd6 33. Rh4 Rxh4 34.
Bxh4 c5 35. Bg3 Rd7 36. Nf6 Rf7 37. Nd5 c6 38. Ne3 b4 39. cxb4+ cxb4 40. Nc4+
Kb5 41. Nd6+ Kb6 42. Nxf7 c5 43. Re6+ Kb5 44. b3 g5 45. Nd6+ Kc6 46. Nf5+ Kd7
47. Rg6 c4 48. bxc4 b3 49. Rd6+ Kc7 50. Rd3+ Kc6 51. Rxb3 1-0

[Event "AUTO-INT-43"]
[Site "http://www.queenalice.com/game.php?id=29471"]
[Date "2005.9.19"]
[Round "1"]
[White "Andre"]
[Black "beto2006"]
[Result "1-0"]
[WhiteElo "1351"]
[BlackElo "1432"]

1. e4 e5 2. g3 Nf6 3. Nc3 Nc6 4. Bb5 a6 5. Bxc6 dxc6 6. d3 Bg4 7. Nf3 Bc5 8. Be3
b6 9. h3 Bxf3 10. Qxf3 O-O 11. a3 a5 12. Bxc5 bxc5 13. Na4 Qd4 14. Nc3 Rab8 15.
Rb1 Rbd8 16. Qe3 Qxe3+ 17. fxe3 Nh5 18. Rg1 Rfe8 19. g4 Nf6 20. g5 Nh5 21. Na4
c4 22. dxc4 Rd6 23. Nc3 g6 24. Rd1 f6 25. h4 f5 26. exf5 gxf5 27. c5 Rde6 28. b4
Ra8 29. bxa5 Rxa5 30. e4 f4 31. Rd7 Rxc5 32. Rd3 Re7 33. g6 h6 34. Kd1 Rc4 35.
Kd2 Re6 36. Rd8+ Kg7 37. Rd7+ Kg8 38. g7 Rd4+ 39. Rxd4 exd4 40. Ne2 Rxe4 41. a4
Nxg7 42. a5 f3 43. Ng3 Rg4 44. a6 f2 45. Rd1 Rxg3 46. a7 Ra3 47. Rf1 Rxa7 48.
Rxf2 Ra2 49. Rf4 Ne6 50. Rf6 Nd8 51. Rxh6 Kg7 52. Rh5 Ne6 53. Re5 Kf6 54. Re1
Ra5 55. Rf1+ Rf5 56. Rg1 Rh5 57. Rf1+ Kg7 58. Rg1+ 1-0

[Event "AUTO-INT-43"]
[Site "http://www.queenalice.com/game.php?id=29473"]
[Date "2005.9.19"]
[Round "1"]
[White "denisaja"]
[Black "beto2006"]
[Result "1-0"]
[WhiteElo "1611"]
[BlackElo "1427"]

1. e4 e5 2. Nf3 Nc6 3. Bb5 Nd4 4. Bc4 Bc5 5. Nxd4 Bxd4 6. O-O Nf6 7. Qf3 O-O 8.
c3 Bc5 9. d3 h6 10. Qg3 d6 11. Bxh6 Ng4 12. Bd2 Qf6 13. h3 Nh6 14. Qg5 Qxg5 15.
Bxg5 Be6 16. Bxe6 fxe6 17. Be3 Rad8 18. Bxc5 1-0

[Event "Invitation"]
[Site "http://www.queenalice.com/game.php?id=29516"]
[Date "2005.9.19"]
[Round "-"]
[White "beto2006"]
[Black "Edgar"]
[Result "0-1"]
[WhiteElo "1486"]
[BlackElo "1525"]

1. e4 e5 2. Nf3 Nc6 3. a3 Nf6 4. Bc4 Bc5 5. O-O d5 6. exd5 Nxd5 7. b4 Bd4 8.
Nxd4 Nxd4 9. Nc3 Nf4 10. Re1 Qg5 11. g3 Nh3+ 12. Kf1 Bg4 13. Rxe5+ Qxe5 14. Qxg4
Nxc2 15. Qxh3 Nxa1 16. Bb2 Nc2 17. Be2 Nd4 18. Qg4 O-O 19. Nb5 Qxe2+ 20. Qxe2
Nxe2 21. Nxc7 Rac8 22. Nd5 Rfd8 23. Ne7+ Kf8 24. Nxc8 Rxd2 25. Be5 a6 26. Ke1
Rc2 27. Nd6 b5 28. Kd1 Ra2 29. Nf5 f6 30. Bd6+ Kf7 31. Bc5 Nc3+ 32. Ke1 Ne4 33.
h4 Rxf2 34. Nd6+ Nxd6 35. Kxf2 Nc4 36. Kf3 Nxa3 37. Ke4 Ke6 38. Kd4 Nc2+ 39. Kc3
Ne1 40. g4 Nf3 41. h5 h6 42. Kc2 f5 43. gxf5+ Kf6 44. Be3 Kxf5 45. Kd3 Ne5+ 46.
Kd4 Nd7 47. Kd3 Nf6 48. Kd4 Nxh5 49. Kc5 Nf6 50. Kb6 Nd5+ 51. Kxa6 Nxb4+ 52.
Kxb5 Nd5 53. Bd4 g5 54. Kc4 Nf4 55. Be3 h5 56. Kd4 h4 57. Bf2 h3 58. Bg3 Ne2+
59. Ke3 Nxg3 60. Kf3 Ne4 61. Ke2 Kf4 62. Kf1 Kg3 63. Ke2 h2 64. Kd3 Nf2+ 65. Ke2
h1=Q 66. Kd2 Qf3 67. Ke1 Qd1# 0-1

[Event "AUTO-INT-45"]
[Site "http://www.queenalice.com/game.php?id=30627"]
[Date "2005.9.27"]
[Round "1"]
[White "drpehrson"]
[Black "beto2006"]
[Result "1-0"]
[WhiteElo "1341"]
[BlackElo "1299"]

1. c4 e5 2. g3 Qf6 3. Bg2 Bc5 4. e3 Nh6 5. h3 O-O 6. a3 Re8 7. Nc3 c6 8. Ne4 Qe7
9. Nxc5 Qxc5 10. d3 Nf5 11. b4 Qd6 12. e4 Qd4 13. Ra2 Qc3+ 14. Qd2 Qb3 15. Ne2
Nd4 16. Nxd4 exd4 17. a4 Qc3 18. O-O Na6 19. Qxc3 dxc3 20. b5 Nb4 21. Ra3 c2 22.
Rb3 c5 23. f4 f5 24. e5 d6 25. exd6 Bd7 26. d4 Na2 27. Bb2 cxd4 28. Ra1 Re2 29.
Bf3 Re3 30. Rxe3 dxe3 31. Rxa2 Re8 32. Be2 Re4 33. Bc1 g5 34. fxg5 a6 35. Rxc2
axb5 36. axb5 1-0

[Event "AUTO-INT-45"]
[Site "http://www.queenalice.com/game.php?id=30628"]
[Date "2005.9.27"]
[Round "1"]
[White "beto2006"]
[Black "drpehrson"]
[Result "0-1"]
[WhiteElo "1315"]
[BlackElo "1325"]

1. e4 c5 2. Qh5 Nc6 3. Qxc5 e6 4. Qc3 a6 5. Nf3 f6 6. Bc4 h6 7. O-O b5 8. Bb3
Bb4 9. Qd3 Nge7 10. a3 Bc5 11. c4 b4 12. a4 O-O 13. Qe2 Nd4 14. Nxd4 Bxd4 15.
Qd3 Be5 16. Qe3 Nc6 17. c5 d6 18. f4 Bd4 19. Qxd4 Nxd4 20. Bc4 dxc5 21. f5 Ra7
22. d3 Ne2+ 23. Kh1 Nxc1 24. Rxc1 Re7 25. Nd2 Kh7 26. Rf1 exf5 27. exf5 Re2 28.
Ne4 Bb7 29. Rf2 Rxf2 30. Nxf2 Qd4 31. Kg1 Qxb2 32. Rf1 a5 33. Ne4 Qd4+ 34. Nf2
Bc6 0-1

[Event "AUTO-INT-45"]
[Site "http://www.queenalice.com/game.php?id=30639"]
[Date "2005.9.27"]
[Round "1"]
[White "master3001"]
[Black "beto2006"]
[Result "1-0"]
[WhiteElo "1422"]
[BlackElo "1472"]

1. e4 e5 2. Nf3 Nc6 3. Bb5 Nf6 4. O-O Nxe4 5. Re1 d5 6. d3 Nc5 7. Rxe5+ Be7 8.
Nd4 O-O 9. Nxc6 bxc6 10. Bxc6 Qd6 11. Bxa8 Qxe5 12. d4 Qf6 13. dxc5 Bxc5 14. Qe1
c6 15. Nc3 Bd7 16. Nxd5 cxd5 17. Bxd5 Re8 18. Be3 Qxb2 19. Rd1 Re7 20. Qa5 Bb6
21. Bxb6 axb6 22. Qa8+ Re8 23. Bxf7+ Kxf7 24. Rxd7+ Re7 25. Qd5+ Kf6 26. Rd6+
Re6 27. Rxe6+ Kf7 28. Qd7+ Kf8 29. Re8# 1-0

[Event "AUTO-INT-45"]
[Site "http://www.queenalice.com/game.php?id=30640"]
[Date "2005.9.27"]
[Round "1"]
[White "beto2006"]
[Black "master3001"]
[Result "0-1"]
[WhiteElo "1470"]
[BlackElo "1372"]

1. e4 e5 2. Nf3 Nc6 3. Nc3 Nf6 4. Bc4 Bc5 5. h3 Na5 6. Qe2 d6 7. Ng5 O-O 8. O-O
Nxc4 9. Qxc4 c6 10. d3 h6 11. Nf3 b5 12. Qb3 Be6 13. Nd5 cxd5 14. exd5 Bxd5 15.
Qxb5 Rb8 16. Qa4 Rb4 17. Qa3 Qc8 18. c3 Rg4 19. b4 Bxf3 20. hxg4 Qxg4 0-1

[Event "AUTO-INT-45"]
[Site "http://www.queenalice.com/game.php?id=30645"]
[Date "2005.9.27"]
[Round "1"]
[White "Andre"]
[Black "beto2006"]
[Result "1-0"]
[WhiteElo "1388"]
[BlackElo "1395"]

1. e4 e5 2. Nf3 Nc6 3. Bb5 Nd4 4. Nxd4 exd4 5. a3 Qf6 6. d3 c6 7. Bc4 b5 8. Bb3
Bc5 9. Qf3 a6 10. Qxf6 Nxf6 11. Bg5 Ng4 12. h3 Ne5 13. f4 Ng6 14. f5 Ne5 15. Bf4
d6 16. Nd2 O-O 17. h4 a5 18. Bxe5 dxe5 19. Nf3 Bd6 20. c3 a4 21. Bc2 dxc3 22.
bxc3 h6 23. h5 f6 24. c4 Ra5 25. Nh4 b4 26. Ng6 bxa3 27. Nxf8 Bxf8 28. Rb1 Bd6
29. Rb6 Ra6 30. Rxa6 Bxa6 31. Bxa4 a2 32. Ke2 Ba3 33. Ra1 Bb7 34. Rxa2 Bc1 35.
Ra1 Bf4 36. Rb1 Ba6 37. Bxc6 Bg3 38. Rb6 Bxc4 39. dxc4 Bf4 40. Bd5+ Kf8 41. Rb7
Ke8 42. c5 Kd8 43. Rxg7 Bg5 44. c6 Kc8 45. Be6+ 1-0

[Event "AUTO-INT-45"]
[Site "http://www.queenalice.com/game.php?id=30646"]
[Date "2005.9.27"]
[Round "1"]
[White "beto2006"]
[Black "Andre"]
[Result "0-1"]
[WhiteElo "1413"]
[BlackElo "1370"]

1. e4 e5 2. Bc4 c6 3. Qf3 Qf6 4. Nc3 Qxf3 5. Nxf3 b5 6. Bd3 b4 7. Na4 Ba6 8. O-O
Bb5 9. b3 Bxa4 10. bxa4 Bd6 11. Bc4 h6 12. d4 exd4 13. Nxd4 c5 14. Nb5 Be5 15.
Be3 Bxa1 16. Rxa1 Na6 17. Nd6+ Ke7 18. Nxf7 Rh7 19. Ne5 Nc7 20. Ng6+ Kf6 21. e5+
Kxg6 22. Bd3+ Kh5 23. Bxh7 Ne7 24. Bxc5 Ned5 25. Be4 Kg5 26. Rd1 Nc3 27. Rd4
Ne2+ 28. Kf1 Nxd4 29. Bxd4 Rf8 30. Be3+ Kg4 31. f3+ Kh5 32. g4+ Kh4 33. Kg2 h5
34. g5 Ne6 35. Bf5 Rxf5 36. Bf2+ Kxg5 37. Be3+ Nf4+ 38. Kg3 h4+ 39. Kf2 Rxe5 40.
c4 Kf5 41. c5 Nd3+ 42. Ke2 Nxc5 43. f4 Rd5 44. a5 a6 0-1

[Event "AUTO-INT-40"]
[Site "http://www.queenalice.com/game.php?id=42620"]
[Date "2005.12.9"]
[Round "2"]
[White "beto2006"]
[Black "randz12"]
[Result "0-1"]
[WhiteElo "1336"]
[BlackElo "1463"]

1. e4 e5 2. Nf3 d6 3. Nc3 a6 4. Bc4 Nh6 5. d3 Nc6 6. h3 Be7 7. a3 Na5 8. b4 Nc6
9. b5 axb5 10. Bxb5 Bd7 0-1